La novela española entre 1939 y 1969 (Record no. 99672)

MARC details
000 -LEADER
campo de control de longitud fija 00612nam a2200193 i 4500
001 - NÚMERO DE CONTROL
campo de control 99672
003 - IDENTIFICADOR DE NÚMERO DE CONTROL
campo de control ES-MaACL
005 - FECHA Y HORA DE LA ÚLTIMA TRANSACCIÓN
campo de control 20250731070134.0
007 - CAMPO FIJO DE DESCRIPCIÓN FÍSICA--INFORMACIÓN GENERAL
campo de control de longitud fija t|
008 - DATOS DE LONGITUD FIJA--INFORMACIÓN GENERAL
campo de control de longitud fija 050914s1973 sp f |||| | spa d
100 1# - ENTRADA PRINCIPAL--NOMBRE DE PERSONA
Nombre de persona Martínez Cachero, José María.
9 (RLIN) 77905
245 13 - MENCIÓN DEL TÍTULO
Título La novela española entre 1939 y 1969
Resto del título : historia de una aventura /
Mención de responsabilidad, etc. J.M. Martínez Cachero.
260 ## - PUBLICACIÓN, DISTRIBUCIÓN, ETC.
Lugar de publicación, distribución, etc. Madrid :
Nombre del editor, distribuidor, etc. Castalia,
Fecha de publicación, distribución, etc. 1973.
300 ## - DESCRIPCIÓN FÍSICA
Extensión 283 p., 2 lám. ;
Dimensiones 18 cm.
650 04 - PUNTO DE ACCESO ADICIONAL DE MATERIA--TÉRMINO DE MATERIA
Término de materia o nombre geográfico como elemento de entrada Novela española-
Subdivisión cronológica S.XX-
Subdivisión general Historia y crítica
9 (RLIN) 15617
852 ## - LOCALIZACIÓN
Ubicación ES-MaACL
Número de control de estantería C-56193
852 ## - LOCALIZACIÓN
Ubicación ES-MaACL
Número de control de estantería E-8407
Holdings
Estatus retirado Estado de pérdida Estado de daño No para préstamo Biblioteca de origen Biblioteca actual Ubicación en estantería Fecha de adquisición Fuente de adquisición Total de préstamos Signatura topográfica completa Código de barras Visto por última vez Precio de reemplazo Tipo de ítem Koha
        Biblioteca del Ateneo de Madrid Biblioteca del Ateneo de Madrid Depósito 2 17/01/2008     E-8407 1104078 23/02/2023 23/02/2023 Libro impreso
        Biblioteca del Ateneo de Madrid Biblioteca del Ateneo de Madrid Depósito 2 17/01/2008     C-56193 1104077 23/02/2023 23/02/2023 Libro impreso